NLP lập trình ngôn ngữ tư duy

Spremljeno u:
Bibliografski detalji
Glavni autor: Molden, David
Daljnji autori: Hutchinson, Pat (Tác giả), Thảo, Linh (Dịch)
Format: Knjiga
Jezik:Vietnamese
Izdano: Hà Nội Lao động xã hội; Công ty cổ phần sách Alpha 2012
Izdanje:Tái bản lần thứ nhất
Serija:Thật đơn giản
Teme:
Oznake: Dodaj oznaku
Bez oznaka, Budi prvi tko označuje ovaj zapis!
Thư viện lưu trữ: Trung tâm Học liệu Lê Vũ Hùng, Trường Đại học Đồng Tháp
LEADER 01088aam a22003498a 4500
001 00032747
005 20171026081023.0
008 141110s2012 ||||||viesd
020 |c 49000 
041 0 # |a vie 
082 1 4 |a 153.4  |b N000L 
100 1 # |a Molden, David 
245 0 0 |a NLP lập trình ngôn ngữ tư duy  |c David Molden, Pat Hutchinson ; Thảo Linh (dịch) 
250 # # |a Tái bản lần thứ nhất 
260 # # |a Hà Nội  |b Lao động xã hội; Công ty cổ phần sách Alpha  |c 2012 
300 # # |a 191 tr.  |c 21 cm. 
490 # # |a Thật đơn giản 
653 # # |a Kỹ năng sống 
653 # # |a Tư duy 
653 # # |a Thành công 
653 # # |a Ngôn ngữ 
700 1 # |a Hutchinson, Pat  |e Tác giả 
700 1 # |a Thảo, Linh  |e Dịch 
852 # # |b Kho mượn  |j KM.0017354 
852 # # |j KD.0016242  |j KM.0017354 
852 # # |b Kho đọc  |j KD.0016242 
910 |d 10/11/2014 
980 # # |a Trung tâm Học liệu Lê Vũ Hùng, Trường Đại học Đồng Tháp